| 000 | 00441cam a2200169ua 4500 | ||
|---|---|---|---|
| 020 | _cRs.195/- | ||
| 041 |
_aeng _h |
||
| 082 |
_a633.08 _bGUP/CR |
||
| 100 | _aGuptha, U.S . | ||
| 245 | 0 | 0 |
_aCrop physiology: Advanced frontiers / _cU.S Guptha. _hTextual Documents |
| 260 |
_aNew Delhi : _bOxford & IBH Publishing company , _c1984. |
||
| 300 | _a392 ; . | ||
| 365 | _aRs.195/- | ||
| 504 | _a | ||
| 942 | _cBK | ||
| 999 |
_c357 _d357 |
||